Community policing: principles, practices and perspectives in the context of Manipur (Record no. 6472)

MARC details
000 -LEADER
fixed length control field 00439nam a2200145Ia 4500
020 ## - INTERNATIONAL STANDARD BOOK NUMBER
ISBN 9788183701129
082 ## - DEWEY DECIMAL CLASSIFICATION NUMBER
Classification number 363.20954 SIN-C
100 ## - MAIN ENTRY--AUTHOR NAME
Personal name Singh, Soibam Ibocha
245 #0 - TITLE STATEMENT
Title Community policing: principles, practices and perspectives in the context of Manipur
260 ## - PUBLICATION, DISTRIBUTION, ETC. (IMPRINT)
Place of publication New Delhi
Name of publisher Akansha Publishing
Year of publication 2007
300 ## - PHYSICAL DESCRIPTION
Number of Pages xxx, 404
504 ## - BIBLIOGRAPHY, ETC. NOTE
Bibliography, etc includes appendix, bibliography and index
650 ## - SUBJECT ADDED ENTRY--TOPICAL TERM
Topical Term Police
Geographic subdivision Manipur
942 ## - ADDED ENTRY ELEMENTS (KOHA)
Koha item type Books
Holdings
Withdrawn status Lost status Damaged status Not for loan Home library Current library Date acquired Source of acquisition Bill Date Full call number Accession Number Price effective from Koha item type
        NASSDOC Library NASSDOC Library 24/02/2009 SINGH 2008-12-30 363.20954 SIN-C 45127 18/04/2019 Books